Central Library OPAC University of Rajshahi
Normal view MARC view

Entry Topical Term

Number of records used in: 3

001 - CONTROL NUMBER

  • control field: 10610

003 - CONTROL NUMBER IDENTIFIER

  • control field: BD-RjUL

005 - DATE AND TIME OF LATEST TRANSACTION

  • control field: 20231219160824.0

008 - FIXED-LENGTH DATA ELEMENTS

  • fixed length control field: 231219|| aca||aabn | a|a d

040 ## - CATALOGING SOURCE

  • Original cataloging agency: BD-RjUL
  • Transcribing agency: BD-RjUL

150 ## - HEADING--TOPICAL TERM

  • Topical term or geographic name entry element: Nuclear power plant
  • General subdivision: Human health
  • Geographic subdivision: Bangladesh

670 ## - SOURCE DATA FOUND

  • Source citation: Work cat.: (BD-RjUL)82501: MOLLAH, MD. MAHTAB 10609, STUDY ON CONCEOTRATION OF HEAVY METALS IN SOIL, WATER AND SOME FOODSTUFFS FROM PROPOSED SITE OF "RUPPUR NUCLEAR POWER PLANT, BANGLADESH" AND ITS HUMAN HEALTH RISK ASSESSMENT /, 2021